000 02301nam0a2200325 4500
001 RU\NLR\bibl\470129
005 20260607051421.0
021 _aRU
_b2003-59696
_92919
035 _a(NLR Aleph) 000463357
090 _a947902
_c947902
100 _a20031209d2003 |||y0rusy50 ca
101 0 _arus
102 _aRU
105 _ay |||||||||
200 1 _aОценка эффективности инвестиций в условиях инфляции
_e[Для студентов по экон. спец. 060400 "Финансы и кредит", 060500 "Бух. учет и аудит", 060600 "Мировая экономика", 351400 "Прикл. информатика (в экономике)", 351200 "Налоги и налогообложение"]
_fЭ.И. Крылов, С.Н. Медведева
_gМ-во образования Рос. Федерации, Гос. образоват. учреждение высш. проф. образования С.-Петерб. гос. ун-т аэрокосм. приборостроения
210 _aСПб
_cСПбГУАП
_d2003
215 _a20 с.
_d21
606 0 _aИнвестиции капитала
_jРуководства, пособия и т.п. для высшей школы
_xЭффективность
_xОценка
_92083374
_3RU\NLR\auth\661259427
606 0 _aИнвестиции капитала
_jУчебные издания для высших учебных заведений
_xЭффективность
_xОценка
_92083374
_3RU\NLR\auth\661259427
606 0 _aИнфляция
_jРуководства, пособия и т.п. для высшей школы
_9932374
_3RU\NLR\auth\66343524
606 0 _aИнфляция
_jУчебные издания для высших учебных заведений
_9932374
_3RU\NLR\auth\66343524
686 _aУ010.65я73
700 1 _4070
_7ca
_8rus
_aКрылов
_bЭ. И.
_cд-р экон. наук
_gЭдуард Иванович
_911023
_3RU\NLR\auth\7727992
701 1 _4070
_7ca
_8rus
_aМедведева
_bС. Н.
_cканд. экон. наук
_gСветлана Николаевна
_963403
_3RU\NLR\auth\7780475
801 0 _aRU
_bNLR
_c20031209
_gPSBO
801 1 _aRU
_bNLR
_c20031209
830 _aавт. по кн.
942 _cBOOK
980 _aNB